Stalin's Secret Pogrom : (Record no. 619826)

MARC details
000 -LEADER
fixed length control field 00478nam a2200193 a 4500
008 - FIXED-LENGTH DATA ELEMENTS--GENERAL INFORMATION
fixed length control field 260424s2005##################000#0#eng##
020 ## - INTERNATIONAL STANDARD BOOK NUMBER
ISBN 9780300104523
082 04 - DEWEY DECIMAL CLASSIFICATION NUMBER
Classification number 345.470231RUB
100 1# - MAIN ENTRY--AUTHOR NAME
Personal name Rubenstein, Joshua,
245 10 - TITLE STATEMENT
Title Stalin's Secret Pogrom :
260 ## - PUBLICATION, DISTRIBUTION, ETC. (IMPRINT)
Year of publication 2005.
300 ## - PHYSICAL DESCRIPTION
Number of Pages 435 pages
650 #0 - SUBJECT ADDED ENTRY--TOPICAL TERM
Topical Term History.
942 ## - ADDED ENTRY ELEMENTS (KOHA)
Koha item type English Books
Holdings
Withdrawn status Lost status Damaged status Not for loan Home library Current library Date acquired Full call number Accession Number Price effective from Koha item type
        Anna Centenary Library Anna Centenary Library 24.04.2026 345.470231RUB 123528 24.04.2026 English Books

Find us on the map